000 00434nam a2200181Ia 4500
001 10188
005 20260306161813.0
008 260306t2016||||xx |||||||||||||| ||spa||
041 _aESP
082 _a907.274085
_bN37
100 _aNeira, Hugo
_eAUT
245 0 _aEl mundo mesoamericano y el mundo andino
260 _c2016
300 _a478 páginas :
_c24 cm.
650 _aGEN
654 _aCHU
942 _cLIB
_dJUS
_fJUS
_2ddc
_n
999 _c10188
_d10188